| 000 | 00488cam a2200193ua 4500 | ||
|---|---|---|---|
| 001 | 5698 | ||
| 005 | 20260515113926.0 | ||
| 008 | 131008n ii |||gr||||Z||||||eng | ||
| 020 | _a81-7268-077-5 | ||
| 040 | _cMAIN | ||
| 082 | _a305.8 | ||
| 245 |
_aTribes Of The Brahmaputra Valley _cby L.A.Waddell |
||
| 260 |
_aNew Delhi: _bLogos Press, _c2000. |
||
| 300 | _a127p. | ||
| 653 | _aHistory | ||
| 653 | _aTribes Of The Brahmaputra Valley | ||
| 700 |
_aWaddell,W.A, _eAuthor. |
||
| 942 | _cBK | ||
| 999 |
_c4853 _d4853 |
||